000 00608cam a22002052 4500
001 0000002480
005 20151217151855.0
008 070411s xx 000 0 eng d
020 _a1904230792 :
_cGBP 60
040 _aKABU
_cKABU
050 0 _aHF5626
_b.I58 2005
245 1 0 _aInternational financial reporting standards (IFRSs) 2005.
260 _aLondon :
_bIASB,
_c2005.
300 _a2805 p.
650 0 _aFinancial statements
_xstandards.
_@0000151844
650 0 _aAccounting
_xstandards.
_@0000151845
908 _a070411
950 _@1
999 _c5876
_d5876